000 00347 a2200157 4500
001 59996
020 _a9783468498947
040 _cAnchieta - Pituba
100 _aLege, Peter
240 1 0 _aWer, was, wann, wo?
_lpor
245 1 0 _aWer, was, wann, wo?
300 _a80
362 0 _a2005
650 4 _aLiteratura juvenil em alemão
942 _cBK
999 _c59996
_d59996